[Event "GRE-chT 50th"]
[Site "Nikaia"]
[Date "2023.08.28"]
[Round "5.6"]
[White "Tzakosta, Konstantina"]
[Black "Troumouchi, Katholiki"]
[Result "1-0"]
[WhiteElo "1290"]
[BlackElo "1326"]
[PlyCount "137"]
[EventDate "2023.08.25"]
[EventType "team"]
[EventRounds "9"]
[EventCountry "GRE"]
[SourceTitle "EXT 2024"]
[Source "ChessBase"]
[SourceDate "2023.10.10"]
[SourceVersion "1"]
[SourceVersionDate "2023.10.10"]
[SourceQuality "1"]
[WhiteTeam "Patron"]
[BlackTeam "Ippotis Rodi"]
[WhiteTeamCountry "GRE"]
[BlackTeamCountry "GRE"]

1. e4 e5 2. Nf3 Nc6 3. Bc4 Nf6 4. d3 Bc5 5. c3 d6 6. h3 h6 7. 0-0 0-0 8. Re1 Re8 9. Be3 Bxe3 10. Rxe3 d5 11. exd5 Nxd5 12. Bxd5 Qxd5 13. Nbd2 Bf5 14. Qe2 Rad8 15. d4 f6 16. Nb3 Kf8 17. c4 Qd6 18. Re1 e4 19. d5 Nb4 20. Nfd4 Bd7 21. Rxe4 Rxe4 22. Qxe4 Re8 23. Qb1 Rxe1+ 24. Qxe1 Nd3 25. Qd2 Ne5 26. Qc2 Qb4 27. Nd2 c6 28. dxc6 Nxc6 29. Nxc6 Bxc6 30. b3 b5 31. cxb5 Qxb5 32. Qc4 Qb7 33. Qc5+ Kg8 34. f3 Qd7 35. Nc4 Qd1+ 36. Kh2 Qd7 37. Qd6 Qe8 38. Qc7 Qa8 39. Nd6 Bd5 40. Nf5 Bf7 41. Ne7+ Kf8 42. Qc8+ Qxc8 43. Nxc8 a6 44. Kg3 Be6 45. Nd6 Ke7 46. Ne4 f5 47. Nc5 Bc8 48. Kf4 Kd6 49. Na4 g5+ 50. Ke3 Ke5 51. Nb6 Be6 52. Nc4+ Kd5 53. Kd3 Kc5 54. Kc3 Kd5 55. a4 Kc5 56. b4+ Kd5 57. Nb2 h5 58. Nd3 Bc8 59. b5 axb5 60. axb5 Bb7 61. Kb4 Kd6 62. Ka5 g4 63. hxg4 hxg4 64. fxg4 fxg4 65. g3 Be4 66. Nb4 Ke5 67. b6 Kd4 68. Kb5 Ke3 69. Nc6 1-0

[Event "GRE-ch U14 Girls"]
[Site "Patras"]
[Date "2019.06.28"]
[Round "5.9"]
[White "Troumouchi, Katholiki"]
[Black "Tsivelekidou, Anthoula Elpida"]
[Result "1-0"]
[WhiteElo "1149"]
[BlackElo "1312"]
[PlyCount "113"]
[EventDate "2019.06.25"]
[EventType "swiss"]
[EventRounds "9"]
[EventCountry "GRE"]
[SourceTitle "EXT 2020"]
[Source "ChessBase"]
[SourceDate "2019.10.17"]
[SourceVersion "1"]
[SourceVersionDate "2019.10.17"]
[SourceQuality "1"]
[WhiteTeam "Greece"]
[BlackTeam "Greece"]
[WhiteTeamCountry "GRE"]
[BlackTeamCountry "GRE"]

1. e4 e6 2. d4 d5 3. exd5 exd5 4. Bd3 Nf6 5. Nf3 Bg4 6. Be3 Bd6 7. Nbd2 Nbd7 8. c3 c6 9. Qc2 Qc7 10. Nh4 Nf8 11. Nf5 Bxf5 12. Bxf5 Ng6 13. 0-0-0 Kd8 14. g3 Qb6 15. Kb1 Ne7 16. Bg5 h6 17. Bxf6 gxf6 18. Rhe1 Kc7 19. Re2 Rad8 20. Rde1 Kb8 21. Rxe7 Bxe7 22. Rxe7 Rhe8 23. Rxe8 Rxe8 24. Nf3 Qc7 25. Qd2 Qe7 26. Bd3 Rh8 27. h4 Qe6 28. Qf4+ Ka8 29. h5 Qe7 30. Kc2 Qe6 31. Nh4 Qe7 32. g4 a6 33. Nf5 Qf8 34. Qc7 Rg8 35. Nd6 Qb8 36. Qxf7 Rxg4 37. Qxf6 Rg2 38. Qxh6 Rxf2+ 39. Kb3 Rh2 40. Nf7 Qc7 41. Qf8+ Ka7 42. h6 Qb6+ 43. Qb4 Qc7 44. Bg6 Rg2 45. h7 Rxg6 46. h8Q Qxf7 47. Qbf8 Qxf8 48. Qxf8 Re6 49. a4 Re2 50. Ka3 Rg2 51. b4 Rg6 52. b5 axb5 53. axb5 Rg2 54. Qc5+ Kb8 55. bxc6 b6 56. Qxb6+ Ka8 57. Qb7# 1-0

[Event "GRE-ch U14 Girls"]
[Site "Patras"]
[Date "2019.06.26"]
[Round "3.10"]
[White "Tzakosta, Konstantina"]
[Black "Troumouchi, Katholiki"]
[Result "1-0"]
[WhiteElo "1049"]
[BlackElo "1149"]
[PlyCount "69"]
[EventDate "2019.06.25"]
[EventType "swiss"]
[EventRounds "9"]
[EventCountry "GRE"]
[SourceTitle "EXT 2020"]
[Source "ChessBase"]
[SourceDate "2019.10.17"]
[SourceVersion "1"]
[SourceVersionDate "2019.10.17"]
[SourceQuality "1"]
[WhiteTeam "Greece"]
[BlackTeam "Greece"]
[WhiteTeamCountry "GRE"]
[BlackTeamCountry "GRE"]

1. e4 e5 2. Nf3 Nc6 3. Bc4 Nf6 4. d3 Bc5 5. c3 d6 6. d4 exd4 7. cxd4 Bb4+ 8. Bd2 Nxe4 9. Bxb4 Nxb4 10. Bxf7+ Kxf7 11. Qb3+ d5 12. Qxb4 Re8 13. 0-0 Qf6 14. Nc3 c6 15. Rfe1 Kg8 16. Nxe4 Rxe4 17. Rxe4 dxe4 18. Nd2 Qf4 19. Re1 Bf5 20. g3 Qc7 21. Nxe4 Bxe4 22. Rxe4 Qf7 23. b3 b6 24. Qd6 Re8 25. Qxc6 Rxe4 26. Qxe4 g6 27. d5 Kf8 28. Qe5 Qe7 29. Qh8+ Kf7 30. Qxh7+ Kf6 31. Qh4+ Kf7 32. Qd4 Qd6 33. f4 Ke7 34. Kg2 Kf7 35. Kf3 1-0